Missing Word: '80s Song Titles III Quiz Stats

 Plays Quiz Updated Jul 5, 2017

Support Sporcle.
Go Orange.
Score 0/20 Timer 03:00
0 Plays Today
Song Word % Correct
What's _____ Got to Do with ItLove
97.1%
_____ to 59
95.5%
Time _____ TimeAfter
95.4%
_____ ItBeat
94.9%
All Night _____ (All Night)Long
94.2%
It's Still _____ and Roll to MeRock
94.2%
_____ This WayWalk
92.7%
_____ and IvoryEbony
92.7%
Waiting for a _____ Like YouGirl
88.6%
I Wanna Dance with
_____ (Who Loves Me)
Somebody
88.5%
Song Word % Correct
Back in _____Black
87%
Bette Davis _____Eyes
85.1%
Dancing in the _____Dark
83.3%
(Just Like) Starting _____Over
82.3%
Under _____Pressure
78.2%
La _____Bamba
75.2%
_____ WhisperCareless
73.9%
Rock the _____Casbah
72.7%
_____ of PuppetsMaster
52.9%
The Boy with the _____ in His SideThorn
39.7%

Today's Daily Dose

Missing Word
FPS Games (A-Z)

Quick Pick
Cartoon Lions

Get the Picture
5, 6, 7, or 8 Movies

You're not logged in!

Compare scores with friends on all Sporcle quizzes.
OR
Log In
Forgot?

From the Vault

Board Game Blitz

by LTH

Don't go too fast, or you might lose some of the pieces.
Remove Ads.
Support Sporcle.
Get the best of Sporcle when you Go Orange. This ad-free experience offers more features, more stats, and more fun while also helping to support Sporcle. Thank you for becoming a member.

Show Comments

Extras

Top Quizzes Today


Score Distribution

Your Account Isn't Verified!

In order to create a playlist on Sporcle, you need to verify the email address you used during registration. Go to your Sporcle Settings to finish the process.

Report this User

Report this user for behavior that violates our Community Guidelines.

Details: